[Event "Vladimir Zak mem"]
[Site "St Petersburg RUS"]
[Date "2007.03.31"]
[Round "8"]
[White "Malofeev,A"]
[Black "Lovkov,R"]
[Result "0-1"]
[WhiteElo "2277"]
[BlackElo "2429"]

1.e4 e6 2.d4 d5 3.Nd2 a6 4.Ngf3 c5 5.exd5 exd5 6.dxc5 Bxc5 7.Nb3 Bb6 8.Bg5 Nf6
9.Qe2+ Be6 10.Nfd4 Qe7 11.O-O-O Nc6 12.Nxc6 bxc6 13.Nd4 Bd7 14.Bxf6 Qxe2
15.Bxe2 gxf6 16.h3 Rg8 17.Rhe1 Kf8 18.Bf3 Rd8 19.c3 a5 20.Re2 Rg5 21.Red2 c5
22.Ne2 Be6 23.h4 Re5 24.Nf4 d4 25.Nd3 Rf5 26.Bg4 Rfd5 27.Bxe6 fxe6 28.c4 R5d7
29.Re2 Kf7 30.Rde1 Re7 31.a4 Bc7 32.g3 Bd6 33.Kc2 Rg8 34.Nc1 e5 35.Nd3 Rg4
36.f4 exf4 37.Rxe7+ Bxe7 38.gxf4 Rxh4 39.f5 Rh5 40.Rf1 Bd6 41.b4 cxb4 42.c5 Bc7
43.Kb3 Rh3 44.Kc4 h5 45.c6 h4 46.Nf4 Rc3+ 47.Kxd4 Rxc6 48.Ne6 Be5+ 49.Kd5 Rc2
50.Nd8+ Ke8 51.Nc6 b3 52.Nxe5 fxe5 53.Rf3 b2 54.Rb3 h3  0-1

[Event "30th Open"]
[Site "San Sebastian ESP"]
[Date "2007.04.04"]
[Round "4"]
[White "Narayanan,Sr"]
[Black "Gonzalez Menendez,I"]
[Result "0-1"]
[WhiteElo "2280"]
[BlackElo "2401"]

1.e4 e6 2.d4 d5 3.Nd2 Be7 4.e5 c5 5.Qg4 Kf8 6.dxc5 Nc6 7.Ngf3 h5 8.Qf4 g5
9.Qe3 Nh6 10.Nb3 Nf5 11.Qc3 d4 12.Qd3 g4 13.Nfd2 Nxe5 14.Qe4 Qd5 15.h3 Bf6
16.hxg4 hxg4 17.Rxh8+ Bxh8 18.g3 Bd7 19.Bg2 Bc6 20.Qxd5 Bxd5 21.Be4 Bxe4
22.Nxe4 d3 23.c3 Nf3+ 24.Kf1 Be5 25.Nbd2 Nxd2+ 26.Bxd2 Kg7 27.Rd1 Rd8 28.Kg2 Rd7
29.a4 Ne7 30.f3 gxf3+ 31.Kxf3 f5 32.Nf2 Bf6 33.Bc1 e5 34.Kg2 e4 35.g4 Bh4
36.gxf5 Bxf2 37.Kxf2 Nxf5 38.Bf4 Kf6 39.Re1 Ng7 40.Ke3 Nf5+ 41.Kf2 Re7 42.b4 Nh4
43.b5 Kf5 44.Bg3 Nf3 45.Rd1 Kg4 46.Kg2 d2 47.Bd6 e3  0-1

[Event "XXXIV Open"]
[Site "La Roda ESP"]
[Date "2007.04.05"]
[Round "2"]
[White "Khamrakulov,I"]
[Black "Bermejo Martinez,J"]
[Result "1-0"]
[WhiteElo "2545"]
[BlackElo "2240"]

1.e4 e6 2.d4 d5 3.Nd2 Be7 4.Ngf3 c5 5.exd5 Qxd5 6.Bc4 Qd8 7.O-O Nf6 8.dxc5 Bxc5
9.Qe2 Nbd7 10.Nb3 Be7 11.Rd1 Qc7 12.Nbd4 Nb6 13.Nb5 Qxc4 14.Qxc4 Nxc4 15.Nc7+ Kf8
16.Nxa8 Nd5 17.b3 Nd6 18.Ba3 Ne8 19.Bb2 f6 20.Nd4 b6 21.c4 Nf4 22.Nc6 Bd6
23.Rxd6 Nxd6 24.Ba3 Bb7  1-0

[Event "45th Doeberl Cup"]
[Site "Canberra AUS"]
[Date "2007.04.06"]
[Round "1"]
[White "Mendes da Costa,A"]
[Black "Smerdon,D"]
[Result "0-1"]
[WhiteElo "2017"]
[BlackElo "2453"]

1.e4 e6 2.d4 d5 3.Nd2 Be7 4.Bd3 c5 5.c3 cxd4 6.cxd4 dxe4 7.Nxe4 Nf6 8.Nf3 Bd7
9.O-O Bc6 10.Qe2 Nbd7 11.Rd1 O-O 12.Ng3 Rc8 13.Be3 Qa5 14.Nf1 Rfd8 15.N1d2 Qd5
16.Nc4 Qh5 17.Nfe5 Qxe2 18.Bxe2 Bd5 19.Rac1 h6 20.Kf1 Kf8 21.b3 Ke8 22.f3 a6
23.Bd3 b5 24.Nd2 Ba3 25.Rxc8 Rxc8 26.Nxd7 Nxd7 27.Ne4 f5 28.Ng3 Nf6 29.Ke2 Bb7
30.Kf2 Nd5 31.Ne2 Nxe3 32.Kxe3 Ke7 33.Rd2 Bd6 34.h4 g5 35.g3 f4+ 36.gxf4 Bxf4+
37.Nxf4 gxf4+ 38.Kxf4 Rf8+ 39.Kg4 Rxf3 40.Kh5 Rf4 41.Bg6 Kf6 42.Rh2 Kg7  0-1

[Event "8th ch-Euro w"]
[Site "Dresden GER"]
[Date "2007.04.06"]
[Round "4"]
[White "Vajda,S"]
[Black "Meshcheriakova,E"]
[Result "1-0"]
[WhiteElo "2407"]
[BlackElo "2292"]

1.e4 e6 2.d4 d5 3.Nd2 a6 4.Ngf3 c5 5.c3 Nc6 6.Bd3 cxd4 7.cxd4 dxe4 8.Nxe4 Be7
9.O-O Nf6 10.a3 O-O 11.Bb1 Qd5 12.Nc3 Qh5 13.Ne2 Rd8 14.Bg5 Nxd4 15.Nexd4 e5
16.Qe1 Rxd4 17.Qxe5 Rg4 18.g3 Rxg5 19.Qxe7 Rd5 20.Ba2 Rd7 21.Qe3 Rd8 22.Rfe1 Bf5
23.Ng5 Bg6 24.h4 h6 25.Nh3 Qg4 26.Nf4 Re8 27.Qb3 Ne4 28.Qxb7 Reb8 29.Qc6 Nf6
30.Nxg6 Qxg6 31.Re7 Rc8 32.Qf3 Rab8 33.Bxf7+ Qxf7 34.Rxf7 Kxf7 35.b4 Rb6
36.Re1 Rc7 37.g4 g5 38.hxg5 hxg5 39.Re5  1-0

[Event "XXXIV Open"]
[Site "La Roda ESP"]
[Date "2007.04.06"]
[Round "4"]
[White "Fernandez Romero,Ern"]
[Black "Borges Mateos,J"]
[Result "1/2-1/2"]
[WhiteElo "2437"]
[BlackElo "2482"]

1.e4 e6 2.d4 d5 3.Nd2 a6 4.Ngf3 Nf6 5.Bd3 c5 6.dxc5 dxe4 7.Nxe4 Nxe4 8.Bxe4 Qxd1+
9.Kxd1 Bxc5 10.Ke2 Nd7 11.c3 Nf6 12.Bc2 b6 13.Rd1 Bb7 14.Be3 Bxe3 15.fxe3  1/2-1/2

[Event "XXXIV Open"]
[Site "La Roda ESP"]
[Date "2007.04.06"]
[Round "5"]
[White "Mateo,Ra"]
[Black "Moreto Quintana,A"]
[Result "1-0"]
[WhiteElo "2448"]
[BlackElo "2153"]

1.e4 e6 2.d4 d5 3.Nd2 Be7 4.Ngf3 Nf6 5.Bd3 dxe4 6.Nxe4 Nxe4 7.Bxe4 c5 8.O-O Nc6
9.c3 cxd4 10.cxd4 Bf6 11.Be3 Ne7 12.Ne5 Nd5 13.Qh5 g6 14.Qh6 Qd6 15.Ng4 Bd8
16.Bxd5 exd5 17.Rfe1 Qf8 18.Qh3 Be6 19.Bh6 Qd6 20.Bg7 h5 21.Bxh8 hxg4 22.Qxg4 Ba5
23.Re2 Kd7 24.Qh4 Rc8 25.f3 Qa6 26.Rf2 Qd3 27.Bf6 Bd2 28.Bg5 Bxg5 29.Qxg5 Qxd4
30.Qd2 Qc4 31.b3 Qc3 32.Rd1 Qxd2 33.Rfxd2 Kd6 34.Kf2 Rc3 35.Re1 a5 36.h4 b5
37.g4 a4 38.Re3 Rc1 39.bxa4 bxa4 40.Re1 Rc4 41.Re4 Kc5 42.Rxc4+ dxc4 43.Ke3 Kb4
44.h5 gxh5 45.gxh5 c3 46.Rc2 Kc4 47.h6 Bf5 48.Rh2 Bh7 49.Rh4+ Kc5 50.Rxa4  1-0

[Event "45th Doeberl Cup"]
[Site "Canberra AUS"]
[Date "2007.04.07"]
[Round "4"]
[White "Lane,G"]
[Black "Antic,De"]
[Result "1/2-1/2"]
[WhiteElo "2421"]
[BlackElo "2443"]

1.e4 e6 2.d4 d5 3.Nd2 Be7 4.Bd3 c5 5.dxc5 Nf6 6.Qe2 Nc6 7.Ngf3 Nb4 8.Nb3 O-O
9.O-O a5 10.a4 b6 11.e5 Nd7 12.c6 Nxc6 13.Nbd4 Ndxe5 14.Nxe5 Nxd4 15.Qh5 Nf5
16.Bxf5 exf5 17.Nc6 Qd6 18.Nxe7+ Qxe7 19.Ra3 Ba6 20.Rh3 h6 21.Bxh6 Be2 22.Re1 Rfe8
23.Qg5 Qxg5 24.Bxg5 Bd3 25.Rxe8+ Rxe8 26.Re3 Rxe3 27.Bxe3 Bxc2  1/2-1/2

[Event "8th ch-Euro"]
[Site "Dresden GER"]
[Date "2007.04.07"]
[Round "5"]
[White "Jaenig,R"]
[Black "Paehtz,T jr"]
[Result "0-1"]
[WhiteElo "2176"]
[BlackElo "2318"]

1.e4 e6 2.d4 d5 3.Nd2 Be7 4.Bd3 c5 5.dxc5 Nf6 6.exd5 Qxd5 7.Ngf3 Nbd7 8.O-O Nxc5
9.Bc4 Qd6 10.Qe2 b6 11.Bb5+ Bd7 12.Ne5 Bxb5 13.Qxb5+ Ncd7 14.Ndc4 Qc5 15.a4 a6
16.Qxc5 Bxc5 17.Nd3 Be7 18.Be3 Nd5 19.Bd4 Rc8 20.b3 O-O 21.Ra2 Bf6 22.Bxf6 N7xf6
23.Re1 Rfd8 24.Kf1 Kf8 25.Ne3 Rc7 26.c4 Nc3 27.Rd2 Nfe4  0-1

[Event "8th ch-Euro"]
[Site "Dresden GER"]
[Date "2007.04.07"]
[Round "5"]
[White "Andriasian,Z"]
[Black "Meinhardt,Ma"]
[Result "1-0"]
[WhiteElo "2508"]
[BlackElo "2369"]

1.e4 e6 2.d4 d5 3.Nd2 Nc6 4.Ngf3 Nf6 5.e5 Nd7 6.Bd3 f6 7.Qe2 Nb4 8.exf6 Nxd3+
9.Qxd3 Qxf6 10.c4 Bd6 11.c5 Bf4 12.Nb3 O-O 13.Bxf4 Qxf4 14.O-O c6 15.Rfe1 Rf6
16.Rac1 Nf8 17.Qe3 Qc7 18.Ne5 Bd7 19.Qg3 Qd8 20.Rc3 Be8 21.Nd2 Rc8 22.Ra3 a6
23.Ree3 Kh8 24.Qh4 h6 25.Rab3 Qc7 26.h3 Nh7 27.Rb6 g5 28.Qg3 Qg7 29.Nb3 Rc7
30.Ng4 Rg6 31.Na5 h5 32.Ne5 Rf6 33.Reb3 Rf4 34.Rxb7 Kg8 35.Rb8 Nf6 36.Naxc6 Kh7
37.Qd3+ Kh6 38.Nd8 Re7 39.R3b7 Nd7 40.Nxd7 Rxd4 41.Qg3 Bxd7 42.c6 h4 43.Qf3 Rf4
44.Qc3 d4 45.Qe1  1-0

[Event "18th Pobeskydi Chance Cup"]
[Site "Frydek Mistek CZE"]
[Date "2007.04.07"]
[Round "5"]
[White "Veres,An"]
[Black "Obrusnik,M"]
[Result "1/2-1/2"]
[WhiteElo "2152"]
[BlackElo "1977"]

1.e4 e6 2.d4 d5 3.Nd2 Nc6 4.Ngf3 Nf6 5.e5 Nd7 6.Bb5 a6 7.Be2 f6 8.exf6 Qxf6
9.Nf1 Bd6 10.Bg5 Qf7 11.Qd2 e5 12.dxe5 Ncxe5 13.O-O-O h6 14.Bh4 Nxf3 15.Bxf3 Bf4
16.Ne3 c6 17.g3 Bg5 18.Bg2 Bxh4 19.gxh4 Qf4 20.c4 d4 21.Qxd4 Qxd4 22.Rxd4 O-O
23.f4 Nc5 24.Rf1 Ne6 25.Re4 Nc5 26.Rd4 Ne6  1/2-1/2

[Event "XXXIV Open"]
[Site "La Roda ESP"]
[Date "2007.04.07"]
[Round "6"]
[White "Antoli Royo,J"]
[Black "Borges Mateos,J"]
[Result "0-1"]
[WhiteElo "2356"]
[BlackElo "2482"]

1.e4 e6 2.d4 d5 3.Nd2 a6 4.c3 c5 5.Ngf3 cxd4 6.cxd4 Nc6 7.Bd3 dxe4 8.Nxe4 Be7
9.O-O Nf6 10.a3 O-O 11.Bc2 Bd7 12.Qd3 g6 13.Bh6 Re8 14.Rad1 Qc7 15.Bg5 Nxe4
16.Qxe4 Bxg5 17.Nxg5 Ne7 18.Qh4 h5 19.Rc1 Bc6 20.Be4 Kg7 21.Rc3 Rad8 22.Rd1 Nf5
23.Bxf5 exf5 24.f3 Re2 25.b4 Qe7 26.Rcc1 Qe3+ 27.Kh1 Ba4 28.Re1 Rxe1+ 29.Rxe1 Qxd4
30.Qg3 h4 31.Qc7 Rd7 32.Qb8 Qe3  0-1

[Event "45th Doeberl Cup"]
[Site "Canberra AUS"]
[Date "2007.04.08"]
[Round "5"]
[White "Ly,M"]
[Black "Matamoros Franco,C"]
[Result "0-1"]
[WhiteElo "2307"]
[BlackElo "2523"]

1.e4 e6 2.d4 d5 3.Nd2 Nc6 4.Ngf3 Nf6 5.e5 Nd7 6.Nb3 a5 7.a4 Be7 8.Bb5 Na7
9.Be2 c5 10.O-O c4 11.Nbd2 b5 12.c3 Nb6 13.axb5 Nxb5 14.Ne1 a4 15.Nb1 a3
16.bxa3 Na4 17.Bd2 Bd7 18.Qc1 O-O 19.f4 f6 20.Nc2 fxe5 21.fxe5 Rxf1+ 22.Bxf1 h6
23.Ne3 Be8 24.Be2 Bg6 25.Bd1 Qe8 26.Bf3 Bd3 27.Nd1 Qg6 28.Nb2 Bxb1 29.Nxa4 Be4
30.Bxe4 Qxe4 31.Nb6 Rxa3 32.Rxa3 Bxa3 33.Qd1 Nxd4 34.Nxd5 Qxd5 35.cxd4 Qxd4+  0-1

[Event "8th ch-Euro"]
[Site "Dresden GER"]
[Date "2007.04.08"]
[Round "6"]
[White "Timofeev,Arty"]
[Black "Nepomniachtchi,I"]
[Result "1/2-1/2"]
[WhiteElo "2663"]
[BlackElo "2587"]

1.e4 e6 2.d4 d5 3.Nd2 Be7 4.Ngf3 Nf6 5.Bd3 c5 6.e5 Nfd7 7.c3 b6 8.O-O Ba6
9.Bxa6 Nxa6 10.Re1 b5 11.a3 Qb6 12.Nf1 c4 13.h4 h6 14.h5 Nc7 15.Ng3 a5 16.Bd2 Qc6
17.Nh2 O-O-O 18.Qg4 Rhg8 19.Qh3 Kb7 20.Ng4 Rh8 21.f4 g6 22.Re2 Qb6 23.Nf1 b4
24.axb4 axb4 25.Nfe3 Ra8 26.Rxa8 Kxa8 27.Be1 Kb7 28.Bh4 bxc3 29.bxc3 g5 30.fxg5 hxg5
31.Be1 Qb1 32.Qf3 Nb6 33.Qxf7 Rh7 34.Qg6 Qxg6 35.hxg6 Rg7 36.Rf2 Rxg6 37.Rf7 Nc8
38.Nf6 Kc6 39.Neg4 Ba3 40.Rh7 Nb5 41.Nh6 Be7 42.Nf7 g4 43.Nh8 Rxf6 44.exf6 Bxf6
45.Nf7 Ncd6 46.Nxd6 Nxd6 47.Bh4 Bxh4 48.Rxh4 g3 49.Rh6 Kd7 50.Rh7+ Ke8 51.Kf1 Ne4
52.Ke2 Nxc3+ 53.Ke3 Ne4 54.Kf4 c3 55.Ke5 Kd8 56.Ra7 c2 57.Ra1 Nf2 58.Kd6 Ne4+
59.Kxe6 Nc3 60.Kd6 Ne4+ 61.Kxd5 Nc3+ 62.Kd6 Ne4+ 63.Ke5 Nf2 64.Kd6 Ne4+ 65.Ke5 Nf2
66.Kd6  1/2-1/2

[Event "8th ch-Euro"]
[Site "Dresden GER"]
[Date "2007.04.11"]
[Round "8"]
[White "Howell,D"]
[Black "Meinhardt,Ma"]
[Result "1-0"]
[WhiteElo "2518"]
[BlackElo "2376"]

1.e4 e6 2.d4 d5 3.Nd2 Nc6 4.Ngf3 Nf6 5.e5 Nd7 6.Nb3 a5 7.a4 b6 8.h4 Ba6 9.Bxa6 Rxa6
10.Bf4 h6 11.h5 Ra7 12.Kf1 Qc8 13.Rh3 Ne7 14.Nh4 c5 15.c3 Qc6 16.Kg1 Kd8
17.Nd2 Rc7 18.Nb1 g5 19.hxg6 fxg6 20.Nf3 Bg7 21.Na3 Nf8 22.Nb5 Rd7 23.Be3 g5
24.Nh2 Nf5 25.Nf1 Ng6 26.Qh5 Nge7 27.Bxg5 hxg5 28.Qxh8+ Bxh8 29.Rxh8+ Ng8
30.Rxg8+ Ke7 31.Ne3 Nh6 32.Rg6 Nf7 33.Nf5+ Kf8 34.g4 Nh8 35.Rh6 Kg8 36.Kg2 Nf7
37.Rg6+ Kf8 38.Rh1 Rd8 39.Rf6  1-0

[Event "8th ch-Euro"]
[Site "Dresden GER"]
[Date "2007.04.12"]
[Round "9"]
[White "Jaenig,R"]
[Black "Schiefner,R"]
[Result "1-0"]
[WhiteElo "2176"]
[BlackElo "2047"]

1.e4 e6 2.d4 d5 3.Nd2 Be7 4.Ngf3 Nf6 5.e5 Nfd7 6.Bd3 c5 7.c3 Nc6 8.O-O g5
9.dxc5 h5 10.b4 Ncxe5 11.Bb5 Nc6 12.Nb3 f6 13.Re1 Kf7 14.Nfd4 Nxd4 15.Nxd4 Nf8
16.Bb2 e5 17.Nc2 Ng6 18.Ne3 Be6 19.Qc2 a6 20.Bf1 Qc7 21.Rad1 Rad8 22.g3 h4
23.Bg2 hxg3 24.fxg3 e4 25.c4 dxc4 26.Qxe4 b5 27.Nd5 Bxd5 28.Rxd5 Rhe8 29.Qe6+ Kg7
30.Kh1 a5 31.Rxg5 Rg8 32.Be4 Kh6 33.Qh3+ Kg7 34.Rxg6+ Kf8 35.Qh6+  1-0

[Event "Open"]
[Site "Sydney AUS"]
[Date "2007.04.12"]
[Round "4"]
[White "Chokshi,M"]
[Black "Shipov,S"]
[Result "1-0"]
[WhiteElo "2168"]
[BlackElo "2592"]

1.e4 e6 2.d4 d5 3.Nd2 a6 4.Bd3 c5 5.dxc5 Nf6 6.Qe2 Bxc5 7.Ngf3 Nc6 8.c3 Qc7
9.h3 Ba7 10.a3 O-O 11.g4 b5 12.g5 Nh5 13.Nf1 Bb7 14.Rg1 g6 15.Be3 Nf4 16.Bxf4 Qxf4
17.e5 Qa4 18.Bc2 Qa5 19.O-O-O d4 20.Nxd4 Nxd4 21.cxd4 Rfd8 22.Rg4 b4 23.a4 b3
24.Bxb3 Qb4 25.Rd3 Bxd4 26.Qd1 Qc5+ 27.Kb1 Qxe5 28.Rgxd4 Rxd4 29.Rxd4 Qxg5
30.Ng3 Qf6 31.Qd2 Rb8 32.Rb4 Rd8 33.Qe3 Bg2 34.Rf4 Qg5 35.Ne4 Bxe4+ 36.Rxe4 Qa5
37.Ka2 Rb8 38.Rxe6 fxe6 39.Qxe6+ Kg7  1-0

[Event "2nd Open"]
[Site "d'Angers FRA"]
[Date "2007.04.13"]
[Round "2"]
[White "Bailet,P"]
[Black "Rivet,B"]
[Result "1-0"]
[WhiteElo "2128"]
[BlackElo "1786"]

1.e4 e6 2.d4 d5 3.Nd2 Nc6 4.Ngf3 Nf6 5.e5 Nd7 6.c3 f6 7.exf6 Qxf6 8.Be2 Bd6
9.Nf1 e5 10.dxe5 Ndxe5 11.Ne3 O-O 12.O-O Be6 13.Nxd5 Qg6 14.Nxe5 Bxe5 15.f4 Rad8
16.Bh5 Qf5 17.fxe5 Qxf1+ 18.Qxf1 Rxf1+ 19.Kxf1 Rxd5 20.Bf3 Rxe5 21.Bf4 Bc4+
22.Kf2 Re7 23.b3 Bd3 24.Re1 Rxe1 25.Kxe1 Bb1 26.a3 Na5 27.Bxc7 Nxb3 28.Bd5+  1-0

[Event "8th ch-Euro w"]
[Site "Dresden GER"]
[Date "2007.04.13"]
[Round "10"]
[White "Rudolf,An"]
[Black "Kononenko,T"]
[Result "0-1"]
[WhiteElo "2301"]
[BlackElo "2382"]

1.e4 e6 2.d4 d5 3.Nd2 Be7 4.Bd3 c5 5.dxc5 Nd7 6.Ngf3 Nxc5 7.e5 Nxd3+ 8.cxd3 Nh6
9.Nb3 Nf5 10.Nfd4 Nxd4 11.Nxd4 O-O 12.O-O Qb6 13.Nb3 Bd7 14.Be3 Qb4 15.Qe2 Rfc8
16.Rfc1 b6 17.f4 Qa4 18.Nd4 Bc5 19.b3 Qa3 20.Rc2 Qb4 21.Qf2 Bxd4 22.Rxc8+ Rxc8
23.Bxd4 Rc2 24.Qe3 Qd2 25.Qxd2 Rxd2 26.Bc3 Rxd3 27.Rc1 h5 28.Kf2 Bb5 29.Be1 Rd4
30.g3 Re4 31.a4 Ba6 32.Rc2 g5 33.fxg5 Rxe5 34.h4 d4 35.Bb4 Rf5+ 36.Ke1 Rf3
37.Bd6 e5 38.Rc7 e4 39.Rxa7 Rf1+ 40.Kd2 e3+  0-1

[Event "Open"]
[Site "Sydney AUS"]
[Date "2007.04.14"]
[Round "9"]
[White "Xie,G"]
[Black "Matamoros Franco,C"]
[Result "1/2-1/2"]
[WhiteElo "2404"]
[BlackElo "2523"]

1.e4 e6 2.d4 d5 3.Nd2 Nc6 4.c3 e5 5.exd5 Qxd5 6.Ngf3 exd4 7.Bc4 Qf5 8.O-O Bd6
9.Ne4 Be7 10.Re1 Be6 11.Bxe6 fxe6 12.Nxd4 Nxd4 13.Qxd4 Nf6 14.Ng5 O-O 15.Nxe6 Rf7
16.Bf4 Nd5 17.Bg3 Bf6 18.Qc5 c6 19.Nc7 Rc8 20.Nxd5 cxd5 21.Qxa7 d4 22.cxd4 h5
23.Rac1 Rxc1 24.Rxc1 h4 25.Be5 Bg5 26.Rf1 Be3 27.Qa3 Bxf2+ 28.Kh1 Qe4 29.Qb3 Qe2
30.Qd1 Qxb2 31.a4 h3 32.gxh3 Bxd4 33.Bxd4 Rxf1+ 34.Qxf1 Qxd4 35.Qb5 Qe4+  1/2-1/2

[Event "Mercantile Bank 33rd ch-BAN"]
[Site "Dhaka BAN"]
[Date "2007.04.15"]
[Round "13"]
[White "Mohammad,Ali"]
[Black "Reefat,S"]
[Result "0-1"]
[WhiteElo "2200"]
[BlackElo "2479"]

1.e4 e6 2.d4 d5 3.Nd2 a6 4.Bd3 c5 5.Ngf3 Nf6 6.c3 Nc6 7.e5 Nd7 8.O-O g5 9.dxc5 g4
10.Nd4 Nxc5 11.N2b3 Nxe5 12.Nxc5 Bxc5 13.Re1 Qf6 14.Qe2 Bd6 15.Nf5 Bc7 16.Kh1 h5
17.Bc2 Ng6 18.c4 Kf8 19.Qe3 exf5  0-1

[Event "8th ch-Euro T/B Qualification"]
[Site "Dresden GER"]
[Date "2007.04.15"]
[Round "1.2"]
[White "Najer,E"]
[Black "Bartel,Mat"]
[Result "1/2-1/2"]
[WhiteElo "2624"]
[BlackElo "2596"]

1.e4 e6 2.d4 d5 3.Nd2 a6 4.Ngf3 Nf6 5.Bd3 c5 6.c3 Nc6 7.O-O cxd4 8.cxd4 dxe4
9.Nxe4 Be7 10.Nxf6+ Bxf6 11.Be3 O-O 12.Be4 Nb4 13.Qb3 Nd5 14.Bxd5 Qxd5 15.Qxd5 exd5
16.Rac1 Bd8 17.Rfe1 f6 18.Bf4 Kf7 19.Bc7 Be7 20.Bb6 Be6 21.Bc5 Rfc8 22.Bxe7 Kxe7
23.Nd2 Kd6 24.f3 Bf5 25.Nf1 Rc6 26.Ne3 Bg6 27.Kf2 a5 28.Red1 Rac8 29.Rxc6+ bxc6
30.Rd2 Rb8 31.g4 Bb1 32.h4 h6 33.h5 Kd7 34.Nf5 Bxf5 35.gxf5 Kd6 36.Ke3 c5
37.dxc5+ Kxc5 38.Rg2 Rb7 39.Kd3 Kd6 40.f4 Rb4 41.Rxg7 Rxf4 42.Rg6 Ke5 43.Rxh6 Rf2
44.Rh8 Rxb2 45.h6 Kxf5 46.h7 Rb7 47.a4 Re7 48.Rd8 Rxh7 49.Rxd5+ Kg4 50.Rxa5 Rh2
51.Ra8 f5 52.a5 f4 53.Rg8+ Kf3 54.Kc4 Ke3 55.Re8+ Kd2 56.Rf8 Rh4 57.a6 f3+
58.Kb5 Rh5+ 59.Kb6 Rh6+ 60.Kb7 Rh7+  1/2-1/2

[Event "Open"]
[Site "Metz FRA"]
[Date "2007.04.15"]
[Round "2"]
[White "Fedorchuk,S"]
[Black "Laurent,B"]
[Result "1-0"]
[WhiteElo "2603"]
[BlackElo "2399"]

1.e4 e6 2.d4 d5 3.Nd2 Nc6 4.Ngf3 Nf6 5.e5 Nd7 6.Be2 f6 7.exf6 Qxf6 8.Nf1 Bd6
9.Ne3 O-O 10.O-O Qg6 11.c4 Nf6 12.Re1 Kh8 13.Bd3 Qh5 14.c5 Bf4 15.Nf1 e5
16.dxe5 Bxe5 17.Nxe5 Qxd1 18.Ng6+ hxg6 19.Rxd1 Bf5 20.Bf4 Bxd3 21.Rxd3 Rf7
22.Re1 Rd8 23.f3 d4 24.a3 Nd7 25.Bxc7 Nxc5 26.Bxd8 Nxd3 27.Re8+ Kh7 28.Nd2 Rf5
29.Ne4 Nxb2 30.Ng5+ Rxg5 31.Bxg5 Nc4 32.Rc8 d3 33.Rc7 Kg8 34.Rxb7 Nxa3 35.Rb3 Nc2
36.Rxd3 a5 37.Rc3 N2d4 38.Rc4  1-0

[Event "TCh-FRA Top 16"]
[Site "Montpellier FRA"]
[Date "2007.04.28"]
[Round "4"]
[White "Roos,Louis1"]
[Black "Pelletier,Y"]
[Result "1/2-1/2"]
[WhiteElo "2345"]
[BlackElo "2602"]

1.e4 e6 2.d4 d5 3.Nd2 Be7 4.Ngf3 Nf6 5.Bd3 c5 6.exd5 Qxd5 7.dxc5 Nbd7 8.Qe2 O-O
9.O-O Nxc5 10.Bc4 Qh5 11.Nb3 b6 12.Nxc5 Bxc5 13.Qe5 Qxe5 14.Nxe5 Bb7 15.Re1 Rac8
16.Bd3 Rfd8 17.a3 Bd4 18.Nf3 Bxf3 19.gxf3 Nd7 20.c3 Bf6 21.f4 g6 22.Be3 Nc5
23.Be2 Nd3 24.Bxd3 Rxd3 25.Red1 Rxd1+ 26.Rxd1 Rc7 27.Kg2 Kf8 28.Kf3 Ke8 29.h3 Rd7
30.Rxd7 Kxd7 31.Ke4 Kc6 32.a4 a6 33.Bd4 Be7 34.b3 Bd6 35.f3 Bc7 36.Be5 Bd8
37.Kd3 Be7 38.Bd4 Bd6 39.Be3 Bc7 40.Ke4 Bd6 41.Bf2 Bf8 42.Be3 Bd6  1/2-1/2

[Event "President's Cup Rapid"]
[Site "Ankara TUR"]
[Date "2007.04.29"]
[Round "12"]
[White "Citak,S"]
[Black "Esen,B"]
[Result "1/2-1/2"]
[WhiteElo "2358"]
[BlackElo "2455"]

1.e4 e6 2.d4 d5 3.Nd2 a6 4.Ngf3 c5 5.exd5 exd5 6.Be2 Nc6 7.O-O cxd4 8.Nb3 Bd6
9.Nbxd4 Nge7 10.c3 h6 11.Be3 O-O 12.Qd2 Nf5 13.Bf4 Re8 14.Bxd6 Ncxd4 15.Nxd4 Nxd4
16.cxd4 Qxd6 17.Bf3  1/2-1/2

[Event "zt 3.5"]
[Site "Shandong CHN"]
[Date "2007.04.29"]
[Round "2"]
[White "Wang Cheng"]
[Black "Zhou Weiqi"]
[Result "1/2-1/2"]
[WhiteElo "2249"]
[BlackElo "2469"]

1.e4 e6 2.d4 d5 3.Nd2 Nc6 4.Ngf3 Nf6 5.e5 Nd7 6.c4 dxc4 7.Nxc4 Nb6 8.Be3 Bb4+
9.Ncd2 Be7 10.a3 Nd5 11.Bd3 Nb8 12.Ne4 Nd7 13.Rc1 b6 14.O-O Bb7 15.Bb1 Nf8
16.Nfd2 Ng6 17.Nc3 O-O 18.Nce4 f5 19.exf6 gxf6 20.Bh6 Rf7 21.Nf3 Bf8 22.Bxf8 Qxf8
23.Ng3 Ngf4 24.Ne1 Qh6 25.Be4 f5 26.Bxd5 Nxd5 27.Nd3 f4 28.Ne4 f3 29.gxf3 Raf8
30.Ne5 Rf5 31.Kh1 Rh5 32.Rg1+ Kh8 33.Ng4 Qf4 34.Rg3 Ne7 35.Ngf6 Rf5 36.Rg4 Qxf3+
37.Qxf3 Rxf3 38.Rxc7 Ba8 39.Kg1 Bxe4 40.Nxe4 Ng6 41.Rg3 R3f4 42.f3 Nh4 43.Ng5 Nxf3+
44.Rxf3 Rxf3 45.Nxf3 Rxf3 46.Rxa7 Rb3 47.Re7 Rxb2 48.Rxe6 Rb3 49.Kf2 Rxa3
50.Rxb6 Rd3  1/2-1/2

[Event "TCh-FRA Top 16"]
[Site "Montpellier FRA"]
[Date "2007.04.30"]
[Round "6"]
[White "Sokolov,And1"]
[Black "Bauer,Ch"]
[Result "1/2-1/2"]
[WhiteElo "2584"]
[BlackElo "2629"]

1.e4 e6 2.d4 d5 3.Nd2 a6 4.Ngf3 Nf6 5.Bd3 c5 6.c3 Nc6 7.O-O cxd4 8.cxd4 dxe4
9.Nxe4 Be7 10.Be3 O-O 11.a3 Nd5 12.Rc1 Bd7 13.Nc5 Bxc5 14.Rxc5 Nce7 15.Ne5 b6
16.Nxd7 Qxd7 17.Rc2 Rfc8 18.Rxc8+  1/2-1/2

[Event "zt 3.5"]
[Site "Shandong CHN"]
[Date "2007.04.30"]
[Round "3"]
[White "Tian Bohan"]
[Black "Yu Lie"]
[Result "0-1"]
[WhiteElo "2249"]
[BlackElo "2325"]

1.e4 e6 2.d4 d5 3.Nd2 Nc6 4.Ngf3 Nf6 5.e5 Nd7 6.c3 f6 7.exf6 Qxf6 8.Be2 Bd6
9.O-O Nf8 10.Re1 Bd7 11.Nb3 h6 12.Nc5 O-O-O 13.b4 g5 14.Bb5 g4 15.Nd2 Bxc5
16.bxc5 h5 17.Rb1 Ng6 18.Nf1 e5 19.Be3 h4 20.Qb3 Bf5 21.Rb2 h3 22.gxh3 Nh4
23.Be2 Nf3+ 24.Bxf3 gxf3 25.Qxb7+ Kd7 26.Qb3 Be6 27.Qd1 e4  0-1

[Event "TCh-RUS w"]
[Site "Sochi RUS"]
[Date "2007.05.01"]
[Round "1"]
[White "Bronnikova,E"]
[Black "Matveeva,S"]
[Result "0-1"]
[WhiteElo "2287"]
[BlackElo "2406"]

1.e4 e6 2.d4 d5 3.Nd2 a6 4.Ngf3 c5 5.exd5 exd5 6.dxc5 Bxc5 7.Nb3 Bb6 8.Qe2+ Ne7
9.Be3 Nbc6 10.c3 O-O 11.Bxb6 Qxb6 12.Qd2 Re8 13.Be2 Bf5 14.O-O Rad8 15.Rfe1 Be4
16.Nfd4 Ne5 17.a4 Nc8 18.a5 Qc7 19.f3 Bg6 20.Qf4 f6 21.Nf5 Bxf5 22.Qxf5 Nd6
23.Qc2 Ndc4 24.Bxc4 dxc4 25.Nd4 Nd3 26.Re2 Qd7 27.b3 Rxe2 28.Qxe2 Re8 29.Qd2 Qd5
30.bxc4 Qxc4 31.Rb1 Nc5 32.Rb4 Qd5 33.g3 Nd7 34.Kf2 Ne5 35.h3 Nc6 36.Rb1 Nxa5
37.Nb3 Qxd2+ 38.Nxd2 Rc8 39.Ne4 Rc7 40.g4 Nc4 41.h4 Kf7 42.h5 Ke7 43.Re1 Kf7
44.Rd1 Ke7 45.Re1 Ne5 46.Ke3 b5 47.Ra1 Rc6 48.Rb1 Nf7 49.Kd4 Ng5 50.Kd5 Kd7
51.Nxg5 fxg5 52.Ra1 h6 53.Ra2 Kc7 54.Re2 Kb6 55.Re7 Rc7 56.Re6+ Kb7 57.Kd4 a5
58.Kd3 a4 59.Rg6 a3 60.Re6 a2 61.Re1 Rf7 62.Ra1 Rxf3+ 63.Kc2 Rg3 64.Rxa2 Rxg4
65.Kb3 Rh4 66.Re2 Kb6 67.Re6+ Ka5 68.Rg6 Rxh5 69.Rxg7 Rh3 70.Re7 h5 71.Re6 Rg3
72.Kc2 h4 73.Rh6 h3  0-1

[Event "Open"]
[Site "Halkidiki GRE"]
[Date "2007.05.02"]
[Round "6"]
[White "Ermenkov,Evgenij"]
[Black "Asik,J"]
[Result "1/2-1/2"]
[WhiteElo "2500"]
[BlackElo "2312"]

1.e4 e6 2.d4 d5 3.Nd2 a6 4.Ngf3 c5 5.exd5 exd5 6.dxc5 Bxc5 7.Bd3 Qe7+ 8.Qe2 Nc6
9.c3 Bg4 10.O-O Qxe2 11.Bxe2 Nf6 12.Re1 O-O 13.h3 Bh5 14.Nf1 d4 15.cxd4 Nxd4
16.Nxd4 Bxd4 17.Bxh5 Nxh5 18.Be3 Bxe3 19.Rxe3 Rfe8 20.Rc1 Nf6 21.Rc7 Rxe3
22.Nxe3 Rb8 23.g4 Ne8 24.Rd7 Nf6 25.Rc7 Ne8 26.Rd7 Nf6 27.Rd4 h6 28.Nf5 Re8
29.Kf1 Kh7 30.Rd6 Re6 31.a3 b6 32.f3 g6 33.Rxe6 fxe6 34.Nd4 e5 35.Nc6 Nd7
36.Ke2 Kg7 37.Ke3 Kf6 38.h4 Ke6 39.b4 Kd6 40.Nd8 Ke7 41.Nc6+ Kd6 42.Nd8 Ke7
43.Nc6+  1/2-1/2

[Event "TCh-RUS"]
[Site "Sochi RUS"]
[Date "2007.05.03"]
[Round "2"]
[White "Lastin,A"]
[Black "Nepomniachtchi,I"]
[Result "1-0"]
[WhiteElo "2590"]
[BlackElo "2602"]

1.e4 e6 2.d4 d5 3.Nd2 Be7 4.Ngf3 Nf6 5.Bd3 c5 6.e5 Nfd7 7.c3 b6 8.O-O Ba6
9.Bxa6 Nxa6 10.Re1 b5 11.a3 c4 12.Nf1 Nc7 13.g3 a5 14.h4 h6 15.N3h2 Nb6 16.Qg4 Rh7
17.h5 Kd7 18.Re3 Qg8 19.Qe2 Rh8 20.Rf3 Ke8 21.Bd2 Qh7 22.Be1 Bg5 23.Bd2 Be7
24.Be1 Rf8 25.Re3 Kd7 26.f4 b4 27.a4 b3 28.Rf3 Rfb8 29.Ne3 Kc8 30.f5 Bg5
31.Bd2 Kb7 32.Nhg4 Qg8 33.Ng2 Qh7 34.N2e3 Rh8 35.Qf2 Qg8 36.Ng2 Qe8 37.f6 gxf6
38.Nxf6 Qc6 39.Ng4 Rag8 40.Bxg5 Rxg5 41.N2e3 Rh7 42.Rf6 Nxa4 43.Nxh6 Rxh5
44.Neg4 Ka6 45.Kg2 Ne8 46.Rxf7 Rxf7 47.Qxf7 Rxh6 48.Rxa4 Rh8 49.Ra1 Kb6 50.Qe7 Nc7
51.Nf6 Ra8 52.g4 Na6 53.Nd7+ Kc7 54.Nf6+ Kb6 55.g5 Ra7 56.Qf8 Ra8 57.Qa3 Nb8
58.g6 Ra7 59.Qf8 Qc7 60.Rh1  1-0

[Event "TCh-RUS HL"]
[Site "Sochi RUS"]
[Date "2007.05.06"]
[Round "4"]
[White "Sjugirov,S"]
[Black "Feofanov,V"]
[Result "1-0"]
[WhiteElo "2395"]
[BlackElo "2316"]

1.e4 e6 2.d4 d5 3.Nd2 Be7 4.Bd3 Nc6 5.c3 dxe4 6.Bxe4 Nf6 7.Bf3 O-O 8.Nc4 Nd5
9.Ne2 Bf6 10.Ng3 b5 11.Ne3 Rb8 12.O-O Nxe3 13.Bxe3 Bb7 14.Nh5 Na5 15.Bxb7 Nxb7
16.a4 a6 17.axb5 axb5 18.Qf3 Nd6 19.Ra7 Be7 20.Qc6 Ne8 21.Rfa1 Bd6 22.Ra8 Rxa8
23.Rxa8 Qh4 24.Ng3 Nf6 25.Nf1 Qh5 26.Ra5 Rb8 27.c4 Qd1 28.Rxb5 Rxb5 29.Qxb5 h5
30.h3 Qe2 31.Qb8+ Bf8 32.Nd2 c6 33.Qc8 Qd1+ 34.Kh2 Qa4 35.b3 Qa3 36.Qxc6 Bd6+
37.Kg1 Bb4 38.Qa4 Qc1+ 39.Nf1 Qe1 40.Qa8+ Kh7 41.Qf3 Qa1 42.Qb7 Qa3 43.Qxf7 Qxb3
44.Qxe6 Bc3 45.Qf5+ Kg8 46.Qd3 Qb2 47.Ng3 Ba5 48.Qf5 Qa1+ 49.Kh2 h4 50.Qc8+ Kf7
51.Nf5 Qb1 52.Nxh4 Qe4 53.Nf3 Kg6 54.Ne5+ Kh7 55.Nd7 Nh5 56.Nf8+ Kh8 57.Ne6+  1-0